000 00460nam a2200181Ia 4500
008 131103s9999 xx 000 0 und d
040 _aLoreto College
041 _aEnglish
082 _aF/GRA
_bLCBED/6411
100 _aGraham, Winston
245 _aJeremy poldark
_cWinston Graham
260 _aLondon
_bCollins
_c1975
300 _a282p.
_c 18 cm.
650 _aEnglish fiction
651 _aEnglish literature
850 _aLCBED/F/GRA
942 _cBK
999 _c32578
_d83057